000 00517nam a2200169Ia 4500
008 090201s9999 xx 000 0 und d
010 _aKPL-62095
040 _bमराठी
041 _aमराठी
082 _a35988
_b62095
100 _aमिलिंद बोकील
245 _aझेन गार्डन
_cमिलिंद बोकील
260 _c2004
_bमौज प्रकाशन
300 _a232
_bमोठा
600 _aझेन गार्डन
942 _cBOOK
999 _c234030
_d234030